Normal view
MARC view
- Rangwala, A S
Entry Personal Name
001 - CONTROL NUMBER
- control field: 83694
003 - CONTROL NUMBER IDENTIFIER
- control field: NUST
005 - DATE AND TIME OF LATEST TRANSACTION
- control field: 20211105162026.0
008 - FIXED-LENGTH DATA ELEMENTS
- fixed length control field: 211105|| aca||aabn | a|a d
040 ## - CATALOGING SOURCE
- Original cataloging agency: NUST
- Transcribing agency: NUST
100 ## - HEADING--PERSONAL NAME
- Personal name: Rangwala, A S
670 ## - SOURCE DATA FOUND
- Source citation: Work cat.: (NUST)33715: Rangwala, A S, Diagnostics And Failure Prevention Turbo-Machines /, 2015.
